| 000 | 00718nmm a2200277 a 4500 | ||
|---|---|---|---|
| 003 | AR-X00000XY | ||
| 005 | 20251128211447.0 | ||
| 008 | 037020s[199 ||||||||||||||000 | spa|| | ||
| 020 | _a987-95456-1-3 | ||
| 040 | _cAR-X00000XY | ||
| 100 | 1 | _aSteuermann, Miguel | |
| 245 | 1 | 0 | _aTestimonios de una semana de horror |
| 260 |
_aBuenos Aires _bEdiciones JAI _c[1995] |
||
| 300 | 0 | _a333 p. | |
| 500 | 1 | _aSin portada, tÃtulo tomado de cubierta | |
| 610 | 1 | 4 | _aAsociación Mutual Israelita Argentina |
| 650 | 4 | _aTERRORISMO | |
| 650 | 4 | _aJUDIOS | |
| 650 | 4 | _aANTISEMITISMO | |
| 651 | 4 | _aArgentina | |
| 651 | 4 | _aIsrael | |
| 700 | 1 | _aFaust, Lea | |
| 700 | 1 | _aFaust, Mario | |
| 942 | _cBK | ||
| 998 | _cNancy | ||
| 999 |
_c19762 _d19762 |
||